| 000 | 00564nam a2200181 i 4500 | ||
|---|---|---|---|
| 001 | 129537 | ||
| 003 | ES-MaACL | ||
| 005 | 20250804174451.0 | ||
| 007 | t| | ||
| 008 | 070626s1972 sp ||||1| spa d | ||
| 100 | 1 |
_aThielicke, Helmut. _9109942 |
|
| 245 | 1 | 0 |
_aSi Dios existiera / _cHelmut Thielicke ; versión en español de Gumersindo Lorenzo. |
| 260 |
_a[Bilbao] : _bDesclée de Brouwer, _c[1972] |
||
| 300 |
_a231 p. ; _c20 cm. |
||
| 700 | 1 |
_aLorenzo Salas, Gumersindo, _d1931- _974195 |
|
| 852 |
_aES-MaACL _jC-51097 _bR.81891 |
||
| 999 |
_c129537 _d129537 |
||